Instructor's Manual for Automated Manufacturing Systems (Record no. 267946)

000 -LEADER
fixed length control field 00308 a2200121 4500
001 - CONTROL NUMBER
control field 32873
082 ## - DEWEY DECIMAL CLASSIFICATION NUMBER
Classification number 670.4272 MOR
090 ## - LOCALLY ASSIGNED LC-TYPE CALL NUMBER (OCLC); LOCAL CALL NUMBER (RLIN)
-- 22040
-- 22040
100 ## - MAIN ENTRY--PERSONAL NAME
Personal name Morriss,S.B
245 ## - TITLE STATEMENT
Title Instructor's Manual for Automated Manufacturing Systems
260 ## - PUBLICATION, DISTRIBUTION, ETC.
Place of publication, distribution, etc. NY
Name of publisher, distributor, etc. Glencoe,McGraw-Hill
Date of publication, distribution, etc. 1995
300 ## - PHYSICAL DESCRIPTION
Extent 40P.
942 ## - ADDED ENTRY ELEMENTS (KOHA)
Institution code [OBSOLETE] NUST-CAE
Call number prefix 670.4272 MOR
Holdings
Withdrawn status Lost status Damaged status Not for loan Collection code Permanent Location Current Location Date acquired Total Checkouts Full call number Barcode Date last seen Price effective from Koha item type
          College of Aeronautical Engineering (CAE) College of Aeronautical Engineering (CAE) 04/03/2017   670.4272 MOR CAEN-2682 04/05/2017 04/05/2017 Book
© 2023 Central Library, National University of Sciences and Technology. All Rights Reserved.